Dictionnaire des films /

Sábháilte in:
Sonraí bibleagrafaíochta
Príomhchruthaitheoir: Sadoul, Georges (autor)
Formáid: LEABHAR
Teanga:Fraincis
Sraith:(Microcosme. Dictionnaires ; 5)
Ábhair:
Clibeanna: Cuir clib leis
Níl clibeanna ann, Bí ar an gcéad duine le clib a chur leis an taifead seo!

MARC

LEADER 00000nam^a2200000^a^4500
001 000326548
005 20250521000000.0
009 20260310113811.11
037 |a Acervo Xavier Clavigero 
041 |a FRA 
082 |a 302. 23503  |b SAD V. 2 
100 |a Sadoul, Georges  |e (autor) 
240 1 1 |a [Diccionario del cine: películas, de Georges Sadoul] 
240 1 1 |a [Diccionario del cine, de Georges Sadoul] 
245 1 0 |a Dictionnaire des films /  |c G. Sadoul. 
264 |a París, Francia :  |b Editions du Seuil,  |c 1965 
300 |a 279 p. 
336 |a texto  |b txt  |2 rdacontenido 
337 |a sin mediación  |b n  |2 rdamedio 
338 |a volumen  |b nc  |2 rdasoporte 
440 1 |a (Microcosme.  |p Dictionnaires ;  |v 5) 
649 |a XX 
650 |a Cine -  |x Historia y Crítica 
650 |a Cine -  |x Enciclopedias y Diccionarios -  |x Tema Principal 
650 |a Enciclopedias y Diccionarios 
910 |a Fondo General 
920 |a Impresos - Libros 
930 |a Colección General 
905 |a 101 
901 |a 0500215329  |b IT1  |c ACC  |u 20250521 
902 |a https://opac.biblio.iteso.mx/vufind/Record/000326548